000 01500pam a2200361 a 4500
001 104507
003 BJBSDDR
005 20240111125352.0
007 ta
008 910326s1992 nyua b 001 0 eng
010 _a 91003438
020 _a0385418132
020 _a9780385418133
035 _a596491
040 _aDLC
_cDLC
_dDLC
_beng
041 _aeng
050 1 4 _aPN 1998.3
_bS765a 1992
082 0 0 _a791.43/0233/092
100 1 _aSpoto, Donald,
_d1941-2023
_928900
245 1 4 _aThe art of Alfred Hitchcock :
_bfifty years of his motion pictures /
_cDonald Spoto.
250 _a2nd edition completely revised and updated.
260 _aNew York :
_bDoubleday,
_c1992.
300 _axvii, 471 pages :
_billustrations ;
_c24 cm.
500 _a"Anchor books."
500 _aFilmography: p. [445]-459.
504 _aIncludes bibliographical references (p. [461]) and index.
520 _aThe monumental scope of Hitchcock's work remains unsurpassed by any other movie director, past or present. Psycho, Rear Window, The Birds and Vertigo are only a few of his classics.d his superb analysis -- still the Hitchcockian commentary after 15 years in print. Photographs throughout
600 1 0 _aHitchcock, Alfred,
_d1899-1980
_xCriticism and interpretation.
600 1 4 _aHitchcock, Alfred,
_d1899-1980
_xCrítica e interpretación
_915363
856 4 2 _3Publisher description
_uhttp://www.loc.gov/catdir/description/random045/91003438.html
942 _2lcc
_cBK
946 _aFHM
999 _c78050
_d78050